|
|
|
|
| LEADER |
00887cam a2200241 7i4500 |
| 001 |
0000064819 |
| 005 |
20211217090000.0 |
| 020 |
|
|
|a 9789332537385 (electronic book)
|
| 020 |
|
|
|a 9789332524811
|
| 090 |
0 |
0 |
|a QA297
|b .P76 2014
|
| 245 |
1 |
0 |
|a Programming in MATLAB :
|b a problem-solving approach
|c Ram N Patel, Ankush Mittal.
|
| 264 |
|
|
|a New Delhi, India:
|b Pearson,
|c 2014.
|
| 300 |
|
|
|a 1 online resource (544 pages):
|b text file, PDF.
|
| 336 |
|
|
|a text
|2 rdacontent
|
| 337 |
|
|
|a computer
|2 rdamedia
|
| 338 |
|
|
|a online resource
|2 rdacarrier
|
| 650 |
0 |
0 |
|a MATLAB
|
| 650 |
0 |
0 |
|a Programming languages (Electronic computers)
|
| 655 |
0 |
0 |
|a Electronic books
|
| 700 |
1 |
|
|a Mittal, Ankush
|
| 856 |
4 |
2 |
|u http://library.unisel.edu.my/web/guest/mylibrary
|
| 997 |
|
|
|a Communication, Visual Art & Computing, Faculty
|b Computing, Department
|
| 999 |
|
|
|a EBO0009332
|b EBOOK
|c EBOOK
|e Electronic resources
|